Faire vivre de véritables situations - problèmes. (Record no. 3049)
[ view plain ]
| 000 -LEADER | |
|---|---|
| fixed length control field | 01629nam a2200265 4500 |
| 008 - FIXED-LENGTH DATA ELEMENTS--GENERAL INFORMATION | |
| fixed length control field | s2007 fr fre u |
| 020 ## - INTERNATIONAL STANDARD BOOK NUMBER | |
| International Standard Book Number | 9782011710192 |
| 040 ## - CATALOGING SOURCE | |
| Original cataloging agency | LB-BrCRDP |
| 082 1# - DEWEY DECIMAL CLASSIFICATION NUMBER | |
| Classification number | 371.3 |
| Item number | VEC |
| 100 1# - MAIN ENTRY--PERSONAL NAME | |
| Personal name | De Vecchi, Gérard |
| 245 10 - TITLE STATEMENT | |
| Title | Faire vivre de véritables situations - problèmes. |
| Statement of responsibility, etc. | Nicole Carmona-Magnaldi , Gérard De Vecchi |
| 260 ## - PUBLICATION, DISTRIBUTION, ETC. | |
| Place of publication, distribution, etc. | Paris |
| Name of publisher, distributor, etc. | Hachette |
| Date of publication, distribution, etc. | 2007 |
| 300 ## - PHYSICAL DESCRIPTION | |
| Extent | 251 p. |
| Dimensions | 23 cm |
| 490 0# - SERIES STATEMENT | |
| Series statement | Profession enseignant |
| 500 ## - GENERAL NOTE | |
| General note | Sommaire, bibliographie. |
| 520 ## - SUMMARY, ETC. | |
| Summary, etc. | Ne pourrait-il exister un type de pédagogie qui donnerait plus de sens aux apprentissages, qui ferait entrer les élèves dans une autre démarche leur permettant de se construire leurs propres savoirs en vivant la classe dans un autre état d'esprit ?.C'est le défi lancé à travers ce livre, parfois un peu provocateur, qui propose une analyse détaillée de la manière de concevoir et de mener de véritables situations-problèmes, mais aussi d'éviter certaines dérives courantes. De très nombreuses situations-problèmes en sciences, en mathématiques, mais aussi en français, en histoire et géographie, en philosophie et même en musique, et en éducation physique et sportive.Des situations-problèmes pour développer des compétences transversales liées aux savoir-faire, aux savoir-être et aux savoir-devenir. |
| 650 4# - SUBJECT ADDED ENTRY--TOPICAL TERM | |
| Topical term or geographic name entry element | Pédagogie |
| 650 4# - SUBJECT ADDED ENTRY--TOPICAL TERM | |
| Topical term or geographic name entry element | Interdisciplinarité |
| 650 4# - SUBJECT ADDED ENTRY--TOPICAL TERM | |
| Topical term or geographic name entry element | Situation - problème |
| 650 4# - SUBJECT ADDED ENTRY--TOPICAL TERM | |
| Topical term or geographic name entry element | Formation des enseignants |
| 650 4# - SUBJECT ADDED ENTRY--TOPICAL TERM | |
| Topical term or geographic name entry element | Apprentissage |
| 700 1# - ADDED ENTRY--PERSONAL NAME | |
| Personal name | Carmona Magnaldi, Nicole |
| 942 ## - ADDED ENTRY ELEMENTS (KOHA) | |
| Koha item type | Books |
| Withdrawn status | Lost status | Source of classification or shelving scheme | Damaged status | Not for loan | Home library | Current library | Shelving location | Date acquired | Source of acquisition | Cost, normal purchase price | Total Checkouts | Full call number | Barcode | Date last seen | Copy number | Price effective from | Koha item type |
|---|---|---|---|---|---|---|---|---|---|---|---|---|---|---|---|---|---|
| Dewey Decimal Classification | مكتب الاعداد والتدريب - الدكوانه | مكتب الاعداد والتدريب - الدكوانه | Standard Shelving Location | 07/28/2016 | 371.3 VEC | 07/28/2016 | 07/28/2016 | Books | |||||||||
| Dewey Decimal Classification | مكتبة دار المعلمين و المعلمات - بئر حسن | مكتبة دار المعلمين و المعلمات - بئر حسن | Salle de Lecture | 10/09/2008 | Ambassade de France | 0.00 | 370.111 Vec | CRB2296 | 07/27/2016 | 1 | 07/27/2016 | Books | |||||
| Dewey Decimal Classification | مكتبة دار المعلمين و المعلمات - بئر حسن | مكتبة دار المعلمين و المعلمات - بئر حسن | Salle de Lecture | 02/17/2009 | Ambassade de France | 0.00 | 370.111 Vec | CRB2907 | 07/27/2016 | 2 | 07/27/2016 | Books | |||||
| Dewey Decimal Classification | مكتبة دار المعلمين و المعلمات - جونية | مكتبة دار المعلمين و المعلمات - جونية | Salle de Lecture | 03/18/2008 | Ambassade de France | 0.00 | 370.1 VEC. | CRJ2599 | 07/27/2016 | 1 | 07/27/2016 | Books | |||||
| Dewey Decimal Classification | مكتبة دار المعلمين و المعلمات - جونية | مكتبة دار المعلمين و المعلمات - جونية | Salle de Lecture | 11/12/2008 | Ambassade de France | 0.00 | 370.1 VEC. | CRJ2825 | 07/27/2016 | 2 | 07/27/2016 | Books | |||||
| Dewey Decimal Classification | مكتبة دار المعلمين و المعلمات - زحلة | مكتبة دار المعلمين و المعلمات - زحلة | Salle de Lecture | 10/16/2008 | Amb. de France | 22.80 | 371.3 VEC | CRZ3246 | 07/27/2016 | 1 | 07/27/2016 | Books | |||||
| Dewey Decimal Classification | مكتبة دار المعلمين و المعلمات - زحلة | مكتبة دار المعلمين و المعلمات - زحلة | Salle de Lecture | 11/21/2008 | Amb. de France | 22.80 | 371.3 VEC | CRZ3449 | 07/27/2016 | 2 | 07/27/2016 | Books | |||||
| Dewey Decimal Classification | مكتبة دار المعلمين و المعلمات - صيدا | مكتبة دار المعلمين و المعلمات - صيدا | Salle de Lecture | 06/20/2008 | Ambassade de France | 0.00 | 370.152 3 VEC | CRS2545 | 07/28/2016 | 1 | 07/28/2016 | Books | |||||
| Dewey Decimal Classification | مكتبة دار المعلمين و المعلمات - طرابلس | مكتبة دار المعلمين و المعلمات - طرابلس | Salle de Lecture | 03/13/2009 | Ambassade de France | 0.00 | 371.38 VEC | CRT2901 | 07/27/2016 | 1 | 07/27/2016 | Books | |||||
| Dewey Decimal Classification | مكتبة دار المعلمين و المعلمات - طرابلس | مكتبة دار المعلمين و المعلمات - طرابلس | Salle de Lecture | 10/08/2009 | Ambassade de France | 0.00 | 371.38 VEC | CRT3249 | 07/27/2016 | 2 | 07/27/2016 | Books |